| Tag |
First Indicator |
Second Indicator |
Subfields |
| LEADER |
00000cam a2200000 i 4500 |
| 001 |
in00003453321 |
| 006 |
m o d f |
| 007 |
cr b|||||a|||| |
| 008 |
140710s2013 dcua ob f000 0 eng c |
| 005 |
20230620144409.5 |
| 035 |
|
|
|a (OCoLC)ocn883303764
|
| 040 |
|
|
|a GPO
|b eng
|e rda
|e pn
|c GPO
|d GPO
|d COO
|d OCLCO
|d GPO
|d MvI
|
| 042 |
|
|
|a pcc
|
| 043 |
|
|
|a n-us---
|
| 049 |
|
|
|a WWW
|
| 050 |
1 |
4 |
|a KF27
|b .S3985 2013f
|
| 074 |
|
|
|a 1025-A-03 (online)
|
| 086 |
0 |
|
|a Y 4.SCI 2:113-59
|
| 088 |
|
|
|a Serial no. 113-59 (United States. Congress. House. Committee on Science, Space, and Technology (2011- ))
|
| 110 |
1 |
|
|a United States.
|b Congress.
|b House.
|b Committee on Science, Space, and Technology (2011- ).
|b Subcommittee on Research and Technology,
|0 https://id.loc.gov/authorities/names/no2013115108
|e author.
|
| 245 |
1 |
0 |
|a Building a network for manufacturing innovation :
|b hearing before the Subcommittee on Research and Technology, Committee on Science, Space, and Technology, House of Representatives, One Hundred Thirteenth Congress, first session, December 12, 2013.
|
| 264 |
|
1 |
|a Washington :
|b U.S. Government Printing Office,
|c 2013.
|
| 300 |
|
|
|a 1 online resource (iv, 104 pages) :
|b illustrations
|
| 336 |
|
|
|a text
|b txt
|2 rdacontent
|
| 337 |
|
|
|a computer
|b c
|2 rdamedia
|
| 338 |
|
|
|a online resource
|b cr
|2 rdacarrier
|
| 500 |
|
|
|a Title from title screen (viewed on July 10, 2014).
|
| 500 |
|
|
|a Paper version available for sale by the Superintendent of Documents, U.S. Government Printing Office.
|
| 504 |
|
|
|a Includes bibliographical references.
|
| 500 |
|
|
|a "Serial No. 113-59."
|
| 500 |
|
|
|a GPO Cataloging Record Distribution Program (CRDP).
|
| 650 |
|
0 |
|a Manufacturing industries
|x Government policy
|z United States.
|
| 650 |
|
0 |
|a Diffusion of innovations
|x Government policy
|z United States.
|
| 650 |
|
0 |
|a Business networks
|x Government policy
|z United States.
|
| 655 |
|
7 |
|a Legislative hearings.
|2 lcgft
|0 https://id.loc.gov/authorities/genreForms/gf2013025047
|
| 776 |
0 |
8 |
|i Print version:
|a United States. Congress. House. Committee on Science, Space, and Technology (2011- ). Subcommittee on Research and Technology.
|t Building a network for manufacturing innovation
|w (DLC) 2014406511
|w (OCoLC)884986601
|
| 776 |
0 |
8 |
|i Microfiche version:
|a United States. Congress. House. Committee on Science, Space, and Technology (2011- ). Subcommittee on Research and Technology.
|t Building a network for manufacturing innovation
|w (OCoLC)894909922
|
| 856 |
4 |
0 |
|u https://purl.fdlp.gov/GPO/gpo50558
|t 0
|
| 999 |
f |
f |
|s baebaff6-dcbb-3359-b567-ac361b8d8754
|i 45a791ea-9fd5-3d37-a9b2-22ef436f26ec
|t 0
|
| 952 |
f |
f |
|a Texas A&M University
|b College Station
|c Electronic Resources
|d Available Online
|t 0
|e Y 4.SCI 2:113-59
|h Superintendent of Documents classification
|
| 998 |
f |
f |
|a Y 4.SCI 2:113-59
|t 0
|l Available Online
|